| 000 | 01090cam a2200229 4500 | ||
|---|---|---|---|
| 001 | ABS66178 | ||
| 008 | 021118n2002 000 0 eng u | ||
| 035 | _a(Sirsi) u120489 | ||
| 100 | _aDickinson, S | ||
| 245 | _aRegeneration initiatives with impact | ||
| 260 | _c2002 | ||
| 490 |
_aRegeneration and Renewal _v1 November 2002, 4(1) |
||
| 520 | _aDiscusses the importance of statistics in the assessment of regeneration schemes. Argues that activity to improve the quality of life takes place against a backdrop of national and regional trends Also states that local data has to be seen to be informing decision-making and evaluation. Gives an example of Hartlepool Borough Council which monitors the effects of a range of grant-aid schemes that fund areas such as inward investment. This helps the distribution of funding for sustainable improvements in the service. | ||
| 590 | _aABS | ||
| 650 | _aREGENERATION POLICY | ||
| 650 | _aSTATISTICAL DATA | ||
| 650 | _aPOVERTY | ||
| 650 | _aPUBLIC SERVICES | ||
| 650 | _aQUALITY OF LIFE | ||
| 690 | _aREGENERATION | ||
| 942 | _n0 | ||
| 999 |
_c71576 _d71576 |
||